| 000 | 00619nam a22001815i 4500 | ||
|---|---|---|---|
| 001 | 163599 | ||
| 003 | ES-MaACL | ||
| 005 | 20230906212756.0 | ||
| 008 | 990616s1873 sp |||| | spa d | ||
| 040 |
_aCCPB | B _bspa _cCCPB | B |
||
| 100 | 1 |
_aRivera Delgado, Manuel de. _9131864 |
|
| 245 | 1 | 3 |
_aEl criterio legal en los delitos políticos / _cpor Manuel de Rivera Delgado. |
| 260 |
_aMadrid : _b[s.n.], _c1873 ( _fImprenta y Litografía de Nicolás González) |
||
| 300 |
_a328 p. ; _c23 cm. |
||
| 650 | 4 |
_aDelitos políticos. _9135874 |
|
| 752 |
_aEspaña - _dMadrid |
||
| 852 |
_aES-MaACL _jG-11884 _z-- Enc. hol. |
||
| 999 |
_c163599 _d163599 |
||